000 00212 a2200097 4500
001 28906
100 _aPurvis, J
245 _aAll About Small Gas Engines
260 _a
_bGoodheart
_c1963
090 _c19320
_d19320
942 _aNUST-CAE
_cM
_c10359
999 _c263979
_d263979